Principales of Finance (Record no. 31901)
[ view plain ]
| 000 -LEADER | |
|---|---|
| fixed length control field | 00436nam a2200181Ia 4500 |
| 008 - FIXED-LENGTH DATA ELEMENTS--GENERAL INFORMATION | |
| fixed length control field | 220531s9999 xx 000 0 und d |
| 041 ## - LANGUAGE CODE | |
| Language code of text/sound track or separate title | eng |
| 082 ## - DEWEY DECIMAL CLASSIFICATION NUMBER | |
| Classification number | 121.25 |
| Item number | PRI / MEH |
| 100 ## - MAIN ENTRY--PERSONAL NAME | |
| Personal name | Mehtha,Rameshkumar |
| 9 (RLIN) | 55197 |
| 245 ## - TITLE STATEMENT | |
| Title | Principales of Finance |
| 250 ## - EDITION STATEMENT | |
| Edition statement | 4th |
| 260 ## - PUBLICATION, DISTRIBUTION, ETC. (IMPRINT) | |
| Name of publisher, distributor, etc. | Macmillan |
| Date of publication, distribution, etc. | 2006 |
| 300 ## - PHYSICAL DESCRIPTION | |
| Extent | 100 |
| 542 ## - INFORMATION RELATING TO COPYRIGHT STATUS | |
| Copyright holder | 08-09-2007 |
| 650 ## - SUBJECT ADDED ENTRY--TOPICAL TERM | |
| Topical term or geographic name as entry element | Accountancy |
| 9 (RLIN) | 55198 |
| 906 ## - LOCAL DATA ELEMENT F, LDF (RLIN) | |
| d | 2009-2010 |
| Withdrawn status | Lost status | Source of classification or shelving scheme | Damaged status | Not for loan | Collection code | Home library | Current library | Date acquired | Vendor | Cost, normal purchase price | Total Checkouts | Total Holds | Full call number | Barcode | Date last seen | Bill Date | Koha item type | Original Barcode |
|---|---|---|---|---|---|---|---|---|---|---|---|---|---|---|---|---|---|---|
| Withdrawn | Dewey Decimal Classification | Shri Siddhivinayak Mahila Mahavidyalaya | Shri Siddhivinayak Mahila Mahavidyalaya | 01/01/2010 | Pragati | 70.00 | 1 | 121.25/PRI/MEH/B/12900 | SSMM-BK-12900 | 06/08/2022 | 06/08/2022 | Books | 010012900 |